| 000 | 00516 a2200181 4500 | ||
|---|---|---|---|
| 999 |
_c5111 _d5111 |
||
| 010 | _aENG-86741 | ||
| 020 |
_a8181575229 _c120.00 |
||
| 035 | _aEN-70274 | ||
| 037 | _bDBAD / PUB | ||
| 082 | 1 | 4 | _a881 |
| 100 | _aPutatunda, Nileen | ||
| 245 | 1 |
_aSakshi's payel / _cby Nileen Putatunda |
|
| 260 |
_aKolkata _bWriters Workshop _c2006 |
||
| 270 |
_a162/92, Lake Gardens _bKolkata _e700 045 |
||
| 300 |
_a72p _c22cm (Hb) |
||
| 490 | _aA writers workshop redbird book | ||
| 942 |
_adpl _cEN _2ddc _h881 _mPUT |
||